Literacies: Reading, Writing, Interpretation, (Record no. 5171)

MARC details
005 - DATE AND TIME OF LATEST TRANSACTION
control field 20250626054545.0
020 ## - INTERNATIONAL STANDARD BOOK NUMBER
International Standard Book Number 0-393-97043-4
082 ## - DEWEY DECIMAL CLASSIFICATION NUMBER
Classification number 808.0427(dc20)C LIT
100 ## - MAIN ENTRY--PERSONAL NAME
Author name LITERACIES.
245 ## - TITLE STATEMENT
Title Literacies: Reading, Writing, Interpretation,
250 ## - EDITION STATEMENT
Edition statement 7th Ed.
260 ## - PUBLICATION, DISTRIBUTION, ETC.
Place of publication, distribution, etc. New York,
Name of publisher, distributor, etc. w.w. Norton & Company Ltd,
Date of publication, distribution, etc. 1997.
300 ## - PHYSICAL DESCRIPTION
Extent xli.; 704p.
Other physical details Bibliography,
Dimensions 23cm.
700 ## - ADDED ENTRY--PERSONAL NAME
Other authors/Editors BRUNK, T. DIAMOND, S. PERKINS, P. SMITH, K.
942 ## - ADDED ENTRY ELEMENTS (KOHA)
Source of classification or shelving scheme Dewey Decimal Classification
Koha item type Books
Holdings
Date last seen Total checkouts Full call number Barcode Cost, replacement price Price effective from Koha item type Lost status Source of classification or shelving scheme Damaged status Not for loan Withdrawn status Home library Current library Shelving location Date acquired Cost, normal purchase price
06/26/2025   808.0427(dc20)C LIT DOM0002771 135000.00 06/26/2025 Books   Dewey Decimal Classification       CBE Dodoma CBE Dodoma General Collection 03/24/1999 45000.00